| 000 | 00777cab a2200241 4500 | ||
|---|---|---|---|
| 001 | ABS60126 | ||
| 008 | 090401t1999 xxu||||| |||| 00| 0 eng d | ||
| 035 | _a(Sirsi) u99768 | ||
| 041 | _aeng | ||
| 100 | _aSeidl, A. | ||
| 245 | _aBrum for all, all for Brum | ||
| 260 | _c1999 | ||
| 350 | _a0 | ||
| 490 |
_aEstates Gazette _v(9909) 6 March 1999, 63(1) |
||
| 520 | _aLondon is currently the financial centre of Europe. However, Frankfurt has made a bid to replace London, with a 10 year development programme to increase office space by 2m m sq. | ||
| 650 | _aBIRMINGHAM ALLIANCE | ||
| 650 | _aBIRMINGHAM | ||
| 650 | _aCITY CENTRES | ||
| 650 | _aRETAIL DEVELOPMENTS | ||
| 690 | _aPROPERTY-COMMERCIAL PROPERTY-RETAIL PROPERTY | ||
| 942 | _n0 | ||
| 948 | _c09/03/1999 | ||
| 999 |
_c60001 _d60001 |
||